[Event "As Follo CC-ch"]
[Site "As"]
[Date "2011.05.05"]
[Round "12"]
[White "Vivian Smith, Adam"]
[Black "Moberg, Jan Rune"]
[Result "0-1"]
[WhiteElo "1055"]
[BlackElo "1532"]
[PlyCount "52"]
[EventDate "2011.01.20"]
[EventType "tourn"]
[EventRounds "13"]
[EventCountry "NOR"]
[SourceTitle "EXT 2024"]
[Source "ChessBase"]
[SourceDate "2023.10.10"]
[SourceVersion "1"]
[SourceVersionDate "2023.10.10"]
[SourceQuality "1"]

1. d4 Nf6 2. e3 Nc6 3. a3 e5 4. Nf3 e4 5. Ne5 Ne7 6. Bc4 d5 7. Bb3 Be6 8. Nc3 Ng6 9. Qe2 c6 10. Bd2 Bd6 11. Nb5 Bxe5 12. dxe5 Nxe5 13. h3 cxb5 14. Qxb5+ Qd7 15. Ba4 0-0 16. Bb4 Rfc8 17. 0-0 Qc7 18. Rad1 Bxh3 19. f4 exf3 20. gxh3 a6 21. Bd6 axb5 22. Bxc7 Rxc7 23. Bxb5 Rxc2 24. e4 Nxe4 25. Bd3 Rg2+ 26. Kh1 Ng3# 0-1